00491nam a2200133Ia 4500008004100000100002200041245003900063260006900102300001100171650001500182856006800197999001900265952007300284160712s9999 xx 000 0 und d aAlunan, Merlie M. cMerlie M. AlunanaThe Last Gesture c2012bLikhaan: The Journal of Contemporary Philippine Literature avol. 6 xNONFICTION uhttp://journals.upd.edu.ph/index.php/lik/issue/view/536/showToc c297460d297460 001040aCLbCLd2016-07-12l0r2016-07-12 00:00:00w2016-07-12yFEJ